[Event "New England Championship for 2015"]
[Site "SchemingMind.com"]
[Date "2014.01.26"]
[Round "-"]
[White "Professor"]
[Black "littleboo"]
[Result "1-0"]
[WhiteCountry "USA"]
[BlackCountry "USA"]
[WhiteElo "2412"]
[WhiteRD "90"]
[BlackElo "2261"]
[BlackRD "86"]
[GameID "346440"]

1. e4 c5 2. Nc3 Nc6 3. g3 Nf6 4. Bg2 e6 5. d3 d5 6. exd5 exd5 7. Bg5 Be7 8. Nge2 d4 9. Bxf6 Bxf6 10. Ne4 Be7
11. O-O Ne5 12. Re1 O-O 13. Nf4 Bg4 14. f3 Bd7 15. Nd5 Re8 16. Nxe7+ Qxe7 17. Nf2 Qd6 18. f4 Ng6 19. Ne4 Qb6 20. Qh5 Qxb2
21. f5 Re5 22. Ng5 Rxf5 23. Qxh7+ Kf8 24. Be4 Qxc2 25. Bxf5 Bxf5 26. Qh5 Qxd3 27. Rad1 Qc3 28. Nxf7 Bc2 29. Nh8 Kg8 30. Nxg6 Bxg6
31. Qxg6 Qf3 32. Re8+ Rxe8 33. Qxe8+ Qf8 34. Qe4 Qf7 35. Rf1 Qd7 36. Rf5 a6 37. Qf3 Kh7 38. Rf8 Qc6 39. Qh5+ Qh6 40. Qf5+ Qg6
41. Rh8+
1-0

[Event "New England Championship for 2015"]
[Site "SchemingMind.com"]
[Date "2014.01.26"]
[Round "-"]
[White "littleboo"]
[Black "Professor"]
[Result "0-1"]
[WhiteCountry "USA"]
[BlackCountry "USA"]
[WhiteElo "2244"]
[WhiteRD "89"]
[BlackElo "2448"]
[BlackRD "87"]
[GameID "346441"]

1. e4 e5 2. d4 exd4 3. Qxd4 Nc6 4. Qe3 Nf6 5. Nf3 Bb4+ 6. c3 Ba5 7. e5 O-O 8. Bb5 Ng4 9. Qf4 Ncxe5 10. O-O d6
11. h3 Nxf3+ 12. Qxf3 Ne5 13. Qg3 c6 14. Be2 Bc7 15. Bg5 f6 16. Be3 Ng6 17. Bd3 d5 18. f4 Re8 19. Bd4 Qd6 20. Bxg6 hxg6
21. Qxg6 Bd7 22. Qg3 Re2 23. b4 Rae8 24. a4 Rb2 25. Bc5 Bb6 26. Bxb6 axb6 27. Na3 Ree2 28. Rae1 Rxg2+ 29. Qxg2 Rxg2+ 30. Kxg2 d4
31. Nb1 Qd5+ 32. Kg3 Qh5 33. Rh1 Qg6+ 34. Kf2 Qf5 35. cxd4 Qxf4+ 36. Kg2 c5 37. d5 Qg5+ 38. Kf2 cxb4 39. d6 Qf4+ 40. Ke2 Bxa4
41. d7 Bxd7 42. Kd3 Bc6 43. Nd2 Bxh1 44. Rxh1 Qg3+
0-1

[Event "New England Championship for 2015"]
[Site "SchemingMind.com"]
[Date "2014.01.28"]
[Round "-"]
[White "Diadoco"]
[Black "A330"]
[Result "0-1"]
[WhiteCountry "MEX"]
[BlackCountry "ENG"]
[WhiteElo "2006"]
[WhiteRD "82"]
[BlackElo "2121"]
[BlackRD "71"]
[GameID "346636"]

1. e4 e5 2. Nf3 Nc6 3. Bc4 Nf6 4. Ng5 Bc5 5. Bxf7+ Ke7 6. Bd5 Rf8 7. O-O d6 8. h3 h6 9. Nf3 Nd4 10. Nxd4 Bxd4
11. d3 Nxd5 12. exd5 Qe8 13. Nc3 Qg6 14. Kh1 Rxf2 15. Rxf2 Bxf2 16. Qf3 Qg3 17. Qxg3 Bxg3 18. Ne4 Bh4 19. g3 Bf6 20. Kg2 Bd7
21. Be3 c6 22. c4 c5 23. Rf1 a5 24. g4 Bh4 25. Nc3 a4 26. Ne4 Be8 27. Bf2 Bxf2 28. Rxf2 b5 29. b3 axb3 30. axb3 Bg6
31. Kf3 Ra3 32. Rb2 bxc4 33. dxc4 Ra1 34. Re2 Rf1+ 35. Kg2 Rb1 36. Nd2 Rd1 37. Kf3 Bd3 38. Rf2 Re1 39. Kg3 e4 40. Rg2 e3
41. Nf3 Rf1 42. Rg1 e2
0-1

[Event "New England Championship for 2015"]
[Site "SchemingMind.com"]
[Date "2014.01.28"]
[Round "-"]
[White "A330"]
[Black "Diadoco"]
[Result "1-0"]
[WhiteCountry "ENG"]
[BlackCountry "MEX"]
[WhiteElo "2121"]
[WhiteRD "71"]
[BlackElo "2006"]
[BlackRD "82"]
[GameID "346637"]

1. e4 c5 2. Nf3 d6 3. d4 cxd4 4. Nxd4 Nf6 5. Nc3 a6 6. Be3 e5 7. Nb3 Be6 8. Qd2 Nbd7 9. Be2 Be7 10. O-O O-O
11. f4 b5 12. a4 b4 13. Nd5 Nxe4 14. Nxe7+ Qxe7 15. Qxb4 Bd5 16. fxe5 Qxe5 17. Qd4 Bxb3 18. cxb3 Qxd4 19. Bxd4 Nd2 20. Rf4 Nxb3
21. Rd1 Nxd4 22. Rdxd4 Nf6 23. Rxd6 a5 24. Bf3 Ra7 25. Rb6 h6 26. Rb5 Rc8 27. Rff5 Kf8 28. Rxa5 Rxa5 29. Rxa5 Rc1+ 30. Kf2 Rc2+
31. Ke3 Rxb2 32. Ra7 h5 33. h3 g5 34. a5 g4 35. hxg4 hxg4 36. Bc6 Ra2 37. a6 Kg7 38. Kd4 g3 39. Kc3 Ra1 40. Kb4 Ng4
41. Ba4 Ne3 42. Rd7 Nxg2 43. a7 Nf4 44. a8=Q g2 45. Qe8 g1=Q 46. Qxf7+ Kh6 47. Qxf4+
1-0

[Event "New England Championship for 2015"]
[Site "SchemingMind.com"]
[Date "2014.02.03"]
[Round "-"]
[White "NYNH"]
[Black "Uzi Mike"]
[Result "1-0"]
[WhiteCountry "USA"]
[BlackCountry "USA"]
[WhiteElo "1992"]
[WhiteRD "70"]
[BlackElo "2077"]
[BlackRD "83"]
[GameID "346679"]

1. d4 d5 2. Nf3 Bf5 3. c4 e6 4. Nc3 Bb4 5. cxd5 Qxd5 6. Bd2 Bxc3 7. bxc3 c5 8. e3 Nf6 9. Bb5+ Nbd7 10. O-O O-O
11. Qb3 Qd6 12. Rfe1 Rfc8 13. Rac1 Ne4 14. Qb2 Qb6 15. Qb3 Ndf6 16. Red1
1-0

[Event "New England Championship for 2015"]
[Site "SchemingMind.com"]
[Date "2014.02.03"]
[Round "-"]
[White "Uzi Mike"]
[Black "NYNH"]
[Result "0-1"]
[WhiteCountry "USA"]
[BlackCountry "USA"]
[WhiteElo "2077"]
[WhiteRD "83"]
[BlackElo "1992"]
[BlackRD "70"]
[GameID "346680"]

1. e4 c5 2. Nf3 d6 3. Bb5+ Bd7 4. Bxd7+ Qxd7 5. d4 cxd4 6. Qxd4 Nc6 7. Qc4 g6 8. O-O Bg7 9. Rd1 Rc8 10. Na3 Nd4
11. Qd3 Nxf3+ 12. Qxf3 a6 13. Qb3 b5 14. f3 Qc7 15. Be3 Nf6 16. Rac1 O-O
0-1

[Event "New England Championship for 2015"]
[Site "SchemingMind.com"]
[Date "2014.02.09"]
[Round "-"]
[White "madrugada"]
[Black "Vermonty"]
[Result "1-0"]
[WhiteCountry "BEL"]
[BlackCountry "USA"]
[WhiteElo "2153"]
[WhiteRD "110"]
[BlackElo "1939"]
[BlackRD "102"]
[GameID "347610"]

1. Nf3 Nf6 2. Nc3 d5 3. d3 Nc6 4. g3 e5 5. Bg2 d4 6. Nb1 Be7 7. O-O O-O 8. c3 Ne8 9. Nbd2 Be6 10. Ne4 f6
11. Bd2 g5 12. h3 Qd7 13. Kh2 h6 14. cxd4 exd4 15. Qc2 Rd8 16. Nc5 Bxc5 17. Qxc5 b6 18. Qc2 Ne5 19. Nxe5 fxe5 20. a3 c5
21. b4 Rc8 22. Rac1 Nf6 23. bxc5 Rxc5 24. Qb2 Rxc1 25. Rxc1 Nd5 26. Rf1 Qg7 27. e4 dxe3 28. fxe3 Rd8 29. Qb5 Nc7 30. Qc6 Rxd3
31. Rf2 Bd5 32. Bxd5+ Rxd5 33. Bb4 Rd8 34. Rf6 Kh7 35. Rxh6+
1-0

[Event "New England Championship for 2015"]
[Site "SchemingMind.com"]
[Date "2014.02.14"]
[Round "-"]
[White "Vermonty"]
[Black "madrugada"]
[Result "0-1"]
[WhiteCountry "USA"]
[BlackCountry "BEL"]
[WhiteElo "1964"]
[WhiteRD "100"]
[BlackElo "2141"]
[BlackRD "108"]
[GameID "347611"]

1. c4 f5 2. Nf3 Nf6 3. g3 g6 4. d4 Bg7 5. Bg2 O-O 6. Nc3 d6 7. O-O Qe8 8. d5 Na6 9. Rb1 c5 10. Ne1 Nc7
11. Bg5 a6 12. Qd2 b5 13. b3 Bd7 14. Nd3 b4 15. Bxf6 Bxf6 16. Nd1 Rb8 17. f4 e5 18. e3 e4 19. N3f2 Bg7 20. g4 fxg4
21. Nxe4 Qe7 22. Ndf2 Ne8 23. Nd3 Nf6 24. Nxf6+ Bxf6 25. e4 Bc3 26. Qc2 Qh4 27. Rbd1 g3 28. hxg3 Bd4+ 29. Nf2 Qxg3 30. Rxd4 cxd4
31. Nd3 Bh3 32. Ne1 Rxf4 33. Rxf4 Qxf4 34. Bxh3 Qe3+ 35. Qf2 Qxh3 36. Qf3 Qxf3 37. Nxf3 d3 38. Kf2 Kg7 39. Ke3 Kf6 40. Kxd3 Re8
41. e5+ Rxe5
0-1

[Event "New England Championship for 2015"]
[Site "SchemingMind.com"]
[Date "2014.02.26"]
[Round "-"]
[White "Aba"]
[Black "auxarlier"]
[Result "0-1"]
[WhiteCountry "ISR"]
[BlackCountry "FRA"]
[WhiteElo "1787"]
[WhiteRD "70"]
[BlackElo "2237"]
[BlackRD "120"]
[GameID "348365"]

1. e4 c5 2. Nf3 d6 3. d4 cxd4 4. Nxd4 Nf6 5. Nc3 a6 6. Bg5 e6 7. f4 Be7 8. Qf3 Qc7 9. Be2 Nbd7 10. a3 h6
11. Bh4 Nxe4 12. Bxe7 Nxc3 13. Bxd6 Qxd6 14. bxc3 Nf6 15. O-O O-O 16. Rfe1 Nd5 17. g3 Qc5 18. c4 Qxd4+ 19. Kh1 Ne3 20. Bd3 Nxc4
21. Rad1 Qc5 22. Qe4 Qd5 23. Bxc4 Qxe4+
0-1

[Event "New England Championship for 2015"]
[Site "SchemingMind.com"]
[Date "2014.02.25"]
[Round "-"]
[White "auxarlier"]
[Black "Aba"]
[Result "1-0"]
[WhiteCountry "FRA"]
[BlackCountry "ISR"]
[WhiteElo "2237"]
[WhiteRD "120"]
[BlackElo "1787"]
[BlackRD "70"]
[GameID "348367"]

1. d4 Nf6 2. Nf3 d5 3. Bf4 Bf5 4. e3 a6 5. c4 e6 6. Nc3 h6 7. h3 Bb4 8. Ne5 Ne4 9. Qa4+ Nc6 10. Nxc6 Bxc3+
11. bxc3 Qd7 12. cxd5 bxc6 13. Qxc6 Qxc6 14. dxc6 Nxc3 15. Bxc7 O-O 16. Ba5 Nd5 17. Be2 Rfc8 18. Rc1 Nc7 19. a4 Be4 20. f3 Bd5
21. e4 Bb3 22. Bd1 Bxd1 23. Kxd1 Ne8 24. d5 exd5 25. exd5
1-0

[Event "New England Championship for 2015"]
[Site "SchemingMind.com"]
[Date "2014.02.24"]
[Round "-"]
[White "Nickskii"]
[Black "JasonY1982"]
[Result "1-0"]
[WhiteCountry "ENG"]
[BlackCountry "USA"]
[WhiteElo "2522"]
[WhiteRD "108"]
[BlackElo "2095"]
[BlackRD "97"]
[GameID "348507"]

1. e4 c5 2. Nf3 d6 3. d4 cxd4 4. Nxd4 Nf6 5. Nc3 a6 6. Bg5 e6 7. f4 Be7 8. Qf3 Qc7 9. O-O-O Nbd7 10. g4 b5
11. Bxf6 Nxf6 12. g5 Nd7 13. f5 Bxg5+ 14. Kb1 Ne5 15. Qh5 Qd8 16. h4 Bf6 17. fxe6 O-O 18. Bh3 fxe6 19. Bxe6+ Kh8 20. Nd5 Nc4
21. Nc6 Qe8 22. Qxe8 Rxe8 23. Nxf6 gxf6 24. Bxc4 bxc4 25. Rxd6 Bb7 26. Rf1 Rxe4 27. Na5 Rb8 28. h5 Rh4 29. Rb6
1-0

[Event "New England Championship for 2015"]
[Site "SchemingMind.com"]
[Date "2014.02.24"]
[Round "-"]
[White "JasonY1982"]
[Black "Nickskii"]
[Result "0-1"]
[WhiteCountry "USA"]
[BlackCountry "ENG"]
[WhiteElo "2090"]
[WhiteRD "96"]
[BlackElo "2529"]
[BlackRD "101"]
[GameID "348508"]

1. e4 c5 2. Nf3 Nc6 3. d4 cxd4 4. Nxd4 Nf6 5. Nc3 e5 6. Ndb5 d6 7. Bg5 a6 8. Na3 b5 9. Nd5 Be7 10. Bxf6 Bxf6
11. c4 b4 12. Nc2 O-O 13. b3 Bg5 14. g3 Be6 15. h4 Bh6 16. Bh3 Rb8 17. Kf1 Qc8 18. Kg2 Bxh3+ 19. Rxh3 f5 20. exf5 Qxf5
21. Qe2 Qf7 22. Rd1 Qa7 23. g4 Bf4 24. Rf3 Qd7 25. Rh3 Kh8 26. f3 Rbe8 27. Ncxb4 Nxb4 28. Nxb4 e4 29. Rf1 h5 30. gxh5 d5
31. Qd1 exf3+ 32. Rfxf3 Qg4+ 33. Kh1 dxc4 34. bxc4 Rf7 35. Qg1 Qxh5 36. Qf2 Ref8 37. Nd3 Bd6 38. Rxf7 Rxf7 39. Qe1 Rf3 40. Rxf3 Qxf3+
41. Kg1 Qxd3 42. Qe8+= Kh7 43. Qh5+ Kg8 44. Qe8+ Bf8 45. Qe6+ Kh7
0-1

[Event "New England Championship for 2015"]
[Site "SchemingMind.com"]
[Date "2014.02.24"]
[Round "-"]
[White "Marco_M"]
[Black "opto"]
[Result "1-0"]
[WhiteCountry "ITA"]
[BlackCountry "CAN"]
[WhiteElo "2186"]
[WhiteRD "99"]
[BlackElo "2019"]
[BlackRD "87"]
[GameID "348528"]

1. e4 c5 2. Nf3 Nc6 3. Bb5 Nf6 4. Nc3 e6 5. O-O a6 6. Bxc6 bxc6 7. e5 Nd5 8. Ne4 f6 9. c4 Nb6 10. d3 d5
11. exd6 Bxd6 12. Be3 Qe7 13. b4 Nd7 14. Qa4 Bb7 15. bxc5 Nxc5 16. Bxc5 Bxc5 17. Rab1 Rb8 18. Rxb7 Rxb7 19. Qxc6+ Kf7 20. Qxc5 Qxc5
21. Nxc5 Ra7 22. Rb1 e5 23. Kf1 Rc8 24. Ne4 Rc6 25. Ke2 Ke6 26. Ned2 Rd7 27. Rb4 Rcd6 28. Nb3 Kf5 29. a4 Rd8 30. Ne1 h5
31. c5 Rc6 32. Rb6 Rdc8 33. Rxc6 Rxc6 34. Nc2 Rc8 35. Kd2 g5 36. Kc3 h4 37. Nb4 a5 38. Nd5 Ke6 39. Nb6 Rc6 40. d4 Rc7
41. d5+ Kf5 42. d6 Rb7 43. d7 Rb8 44. Nc8
1-0

[Event "New England Championship for 2015"]
[Site "SchemingMind.com"]
[Date "2014.02.24"]
[Round "-"]
[White "opto"]
[Black "Marco_M"]
[Result "0-1"]
[WhiteCountry "CAN"]
[BlackCountry "ITA"]
[WhiteElo "2019"]
[WhiteRD "87"]
[BlackElo "2186"]
[BlackRD "99"]
[GameID "348529"]

1. e4 e5 2. Nf3 Nc6 3. Bb5 a6 4. Ba4 Nf6 5. d3 d6 6. h3 Be7 7. Nc3 O-O 8. a3 Be6 9. Ng5 Bd7 10. f4 Nd4
11. Bxd7 Nxd7 12. h4 exf4 13. Bxf4 Ne6 14. Be3 Nxg5 15. hxg5 Bxg5 16. Qh5 h6 17. Bxg5 Qxg5 18. Qxg5 hxg5 19. Kd2 g6 20. Rh2 Kg7
21. Rah1 Rh8 22. Ke3 Rxh2 23. Rxh2 Ne5 24. Rh3 c6 25. Rg3 f6 26. Ne2 Rh8 27. Rh3 Rxh3+ 28. gxh3 f5 29. d4 Nc4+ 30. Kf3 Nxb2
31. Ng3 Kf6 32. exf5 gxf5 33. Nh5+ Kg6 34. Ng3 Nc4 35. a4 Nb6 36. a5 Nc4 37. d5 c5 38. Ne2 Nxa5 39. Nc3 b5 40. Ke2 Nc4
41. Kd3 Kh5 42. Nd1 Kh4 43. Nf2 Kg3 44. Ke2 a5 45. c3 a4
0-1

[Event "New England Championship for 2015"]
[Site "SchemingMind.com"]
[Date "2014.05.22"]
[Round "-"]
[White "NYNH"]
[Black "madrugada"]
[Result "1/2-1/2"]
[WhiteCountry "USA"]
[BlackCountry "BEL"]
[WhiteElo "2057"]
[WhiteRD "77"]
[BlackElo "2092"]
[BlackRD "104"]
[GameID "358505"]

1. d4 d5 2. Nf3 Nf6 3. c4 e6 4. g3 dxc4 5. Bg2 Nc6 6. Qa4 Bb4+ 7. Bd2 Bd6 8. Na3 O-O 9. Nxc4 Be7 10. e3 Bd7
11. Qb3 a6 12. O-O b5 13. Nce5 Ne4 14. Qc2 Nxd2 15. Qxd2 Rb8 16. Rac1 Nxe5 17. Nxe5 Bd6 18. Nxd7 Qxd7 19. Rc6 Ra8 20. Qa5 e5
21. Rfc1 exd4 22. exd4 Qg4 23. Rxa6 Rxa6 24. Qxa6 Qe2 25. b3 Qd2 26. Rf1 b4 27. Qa7 Re8 28. Bf3 Qd3 29. Kg2 Qd2 30. Rd1 Qc2
31. Qa6 g6 32. Kf1 Re6 33. Kg2=
1/2-1/2

[Event "New England Championship for 2015"]
[Site "SchemingMind.com"]
[Date "2014.05.22"]
[Round "-"]
[White "madrugada"]
[Black "NYNH"]
[Result "1/2-1/2"]
[WhiteCountry "BEL"]
[BlackCountry "USA"]
[WhiteElo "2092"]
[WhiteRD "104"]
[BlackElo "2057"]
[BlackRD "77"]
[GameID "358506"]

1. e4 c5 2. Nc3 d6 3. Bb5+ Nc6 4. Nf3 Bd7 5. O-O a6 6. Bc4 Nf6 7. d4 cxd4 8. Nxd4 g6 9. Be3 Bg7 10. f4 b5
11. Bd3 Qc7 12. Qf3 O-O 13. f5 Ne5 14. Qg3 Nc4 15. Bxc4 Qxc4 16. Qh4 b4 17. Nce2 e6 18. fxg6 fxg6 19. b3 Qc7 20. Rac1 Qb7
21. Ng3 Rae8 22. Nf3 Bc6 23. Ng5 h6 24. Nf3 Nxe4 25. Nxe4 Bxe4 26. Bxh6 Bxf3 27. gxf3 Rxf3 28. Bxg7 Kxg7 29. Qd4+ e5 30. Qxd6 e4
31. Qd4+ Kh7 32. Rxf3 exf3 33. Qh4+ Kg8 34. Qc4+=
1/2-1/2

[Event "New England Championship for 2015"]
[Site "SchemingMind.com"]
[Date "2014.06.11"]
[Round "-"]
[White "Marco_M"]
[Black "Professor"]
[Result "0-1"]
[WhiteCountry "ITA"]
[BlackCountry "USA"]
[WhiteElo "2171"]
[WhiteRD "107"]
[BlackElo "2543"]
[BlackRD "90"]
[GameID "359599"]

1. e4 e5 2. Nf3 Nc6 3. Bb5 a6 4. Bxc6 dxc6 5. O-O Qd6 6. Na3 Be6 7. Qe2 f6 8. Rd1 Bg4 9. d4 exd4 10. c3 O-O-O
11. Rxd4 Qe7 12. Rxd8+ Qxd8 13. Nc4 Qe8 14. Bf4 g5 15. Bg3 Bc5 16. b4 Ba7 17. h3 Bxf3 18. Qxf3 Qe6 19. Ne3 Ne7 20. a4 Rd8
21. Rd1 Rxd1+ 22. Nxd1 f5 23. exf5 Nxf5 24. Kh2 Nxg3 25. fxg3 b5 26. axb5 axb5 27. Nb2 Qe1 28. h4 gxh4 29. gxh4 Qxh4+ 30. Qh3+ Qxh3+
31. Kxh3 Kd7 32. Kg3 Kd6 33. Kf3 Kd5 34. Ke2 c5 35. bxc5 Bxc5 36. Kd3 Ke5 37. Nd1 Kf4 38. Ke2 Kg3 39. Kf1 Bb6 40. Nb2 Ba5
41. Nd1 c6 42. Kg1 Bc7 43. Nb2 Be5 44. Nd1 h5 45. Kf1 b4
0-1

[Event "New England Championship for 2015"]
[Site "SchemingMind.com"]
[Date "2014.06.11"]
[Round "-"]
[White "Professor"]
[Black "Marco_M"]
[Result "1-0"]
[WhiteCountry "USA"]
[BlackCountry "ITA"]
[WhiteElo "2477"]
[WhiteRD "87"]
[BlackElo "2193"]
[BlackRD "107"]
[GameID "359600"]

1. e4 e6 2. d4 d5 3. Nd2 Nf6 4. e5 Nfd7 5. c3 c5 6. Bd3 Nc6 7. Ne2 cxd4 8. cxd4 f6 9. exf6 Qxf6 10. Nf3 Bd6
11. Bg5 Qf7 12. O-O O-O 13. Bh4 e5 14. Ng5 Qh5 15. Bxh7+ Kh8 16. Nf4
1-0

[Event "New England Championship for 2015"]
[Site "SchemingMind.com"]
[Date "2014.06.21"]
[Round "-"]
[White "auxarlier"]
[Black "Nickskii"]
[Result "1/2-1/2"]
[WhiteCountry "FRA"]
[BlackCountry "ENG"]
[WhiteElo "2283"]
[WhiteRD "112"]
[BlackElo "2530"]
[BlackRD "103"]
[GameID "360226"]

1. d4 d5 2. Bf4 Bg4 3. Nd2 Nf6 4. Ngf3 e6 5. h3 Bxf3 6. Nxf3 Bd6 7. Ne5 O-O 8. e3 c5 9. c3 Qb6 10. Rb1 cxd4
11. Qxd4 Qc7 12. Bd3 Nc6 13. Nxc6 bxc6 14. Bxd6 Qxd6 15. Qa4 c5 16. Rd1 Rab8 17. b3 Qc7 18. O-O Rfd8 19. Rc1 g6 20. Rfd1 Kg7
21. Be2 e5 22. Bf3=
1/2-1/2

[Event "New England Championship for 2015"]
[Site "SchemingMind.com"]
[Date "2014.06.21"]
[Round "-"]
[White "Nickskii"]
[Black "auxarlier"]
[Result "1-0"]
[WhiteCountry "ENG"]
[BlackCountry "FRA"]
[WhiteElo "2530"]
[WhiteRD "103"]
[BlackElo "2283"]
[BlackRD "112"]
[GameID "360227"]

1. e4 c5 2. Nf3 e6 3. d4 cxd4 4. Nxd4 Nc6 5. Nc3 a6 6. Be3 Qc7 7. Qd2 Nf6 8. O-O-O d6 9. f3 Be7 10. g4 b5
11. Nxc6 Qxc6 12. Ne2 Nd7 13. h4 Bb7 14. Nd4 Qc7 15. g5 Ne5 16. h5 Rc8 17. Qg2 d5 18. f4 Nc4 19. Bxc4 Qxc4 20. g6 Qxa2
21. h6 Bb4 22. gxf7+ Kd7 23. Nb3 Qxb3 24. Kb1
1-0

[Event "New England Championship for 2015"]
[Site "SchemingMind.com"]
[Date "2014.10.03"]
[Round "-"]
[White "Nickskii"]
[Black "Professor"]
[Result "1/2-1/2"]
[WhiteCountry "ENG"]
[BlackCountry "USA"]
[WhiteElo "2468"]
[WhiteRD "86"]
[BlackElo "2558"]
[BlackRD "95"]
[GameID "366220"]

1. e4 e5 2. Nf3 Nc6 3. d4 exd4 4. Nxd4 Nf6 5. Nxc6 bxc6 6. Qe2 d6 7. Nc3 Be7 8. Be3 O-O 9. O-O-O a5 10. h3 Ba6
11. Qe1 Qc8 12. g4 Bxf1 13. Rxf1 Qb7 14. Kb1 a4 15. g5 Nd7 16. f4 Rfe8 17. Qg3 Bf8 18. f5 Ne5 19. Ka1 Nc4 20. Bc1 Reb8
21. Rd4 Nxb2 22. e5 Qa6 23. Rg1 Qb6 24. Rh4 Nc4 25. e6 fxe6 26. f6 Ne5 27. Rxh7 g6 28. Qh4 Nf7 29. Rxf7 Kxf7 30. Qh7+ Ke8
31. Re1 Qc5 32. Rxe6+ Kd8 33. Re3 d5 34. Qxg6 Kc8 35. Qd3 d4 36. Re8+ Kd7 37. Rxb8 Rxb8 38. Ne2 Bd6 39. g6 Qe5 40. f7 Qf6
41. h4 c5 42. h5 Be5 43. c3 c4 44. Qxc4 dxc3 45. Qxa4+ Kd6 46. Qc2 c6 47. a4 Kc7 48. h6 Rb2 49. Bxb2 cxb2+ 50. Ka2 Qf1
51. Nc3 Bxc3=
1/2-1/2

[Event "New England Championship for 2015"]
[Site "SchemingMind.com"]
[Date "2014.10.03"]
[Round "-"]
[White "Professor"]
[Black "Nickskii"]
[Result "1-0"]
[WhiteCountry "USA"]
[BlackCountry "ENG"]
[WhiteElo "2593"]
[WhiteRD "101"]
[BlackElo "2453"]
[BlackRD "93"]
[GameID "366221"]

1. e4 c5 2. Nc3 e6 3. Nf3 Nc6 4. d4 cxd4 5. Nxd4 Nf6 6. Nxc6 bxc6 7. e5 Nd5 8. Ne4 Qc7 9. f4 Qa5+ 10. Bd2 Qb6
11. Bd3 Be7 12. Qe2 Rb8 13. b3 O-O 14. c4 Ba6 15. Rd1 f5 16. exf6 Nxf6 17. Nf2 Bc5 18. O-O Bd4 19. Rde1 Rbe8 20. Be3 Bxe3
21. Qxe3 c5 22. Ne4 Nxe4 23. Qxe4 g6 24. Qe3 Bb7 25. Rf2 Rf7 26. h4 Qd6 27. Bc2 Ref8 28. g3 Qc6 29. Kh2 Rf6 30. Bd1 Qc7
31. Rd2 d6 32. Bf3 Bxf3 33. Qxf3 Re8 34. h5 gxh5 35. Qxh5 Ref8 36. Qf3 Rg6 37. Qd3 Rh6+ 38. Kg2 Rxf4 39. Qxd6 Qb7+ 40. Rd5 exd5
41. Re8+ Kg7 42. Re7+ Kg8 43. Qe5 Qxe7 44. Qxe7 Rg6 45. cxd5 Rf7 46. Qxc5
1-0

[Event "New England Championship for 2015"]
[Site "SchemingMind.com"]
[Date "2015.03.01"]
[Round "-"]
[White "AussieMossie"]
[Black "Professor"]
[Result "1/2-1/2"]
[WhiteCountry "AUS"]
[BlackCountry "USA"]
[WhiteElo "2484"]
[WhiteRD "118"]
[BlackElo "2502"]
[BlackRD "78"]
[GameID "375575"]

1. e4 e5 2. Nf3 Nc6 3. Bb5 a6 4. Ba4 d6 5. c4 Bg4 6. Nc3 Nf6 7. h3 Bxf3 8. Qxf3 Be7 9. O-O O-O 10. Bxc6 bxc6
11. d3 Nd7 12. b4 Bg5 13. a3 Bxc1 14. Raxc1 Qe7 15. Qg4 Rfb8 16. f4 f6 17. f5 Qe8 18. Qe2 Kh8 19. Qc2 Qc8 20. Rb1 Rb6
21. Rb2 c5 22. Rfb1 cxb4 23. axb4 c6 24. Na4 Rb7 25. Qd2 Rab8 26. Qd1 Qc7 27. Kh2 Ra7 28. Qd2 Rab7= 29. Nc3 Qc8 30. g3 Qd8
31. Kg2 Kg8 32. h4 Qe8 33. Qe2 Kh8 34. Qd2 Kg8 35. Qd1 Kh8 36. Qd2 Kg8 37. Nd1 Kh8 38. Qf2 Qc8 39. Qd2 Qe8 40. Qe2 Kg8
41. Ne3 Kh8 42. Nd1 Kg8 43. Ne3=
1/2-1/2